| 000 | 00492 a2200169 4500 | ||
|---|---|---|---|
| 999 |
_c734 _d734 |
||
| 020 | _a0140803637 : | ||
| 050 | 0 | 0 | _aRJ499 RUT 1975 |
| 100 | 1 |
_aRutter, Michael, _d1933- |
|
| 245 | 1 | 0 |
_aHelping troubled children / _c[by] Michael Rutter. |
| 264 |
_aMiddlesex _bPenguin _c1975 |
||
| 300 |
_a376 p. : _bill. ; |
||
| 500 | _aIncludes indexes. | ||
| 504 | _aBibliography: p. [353]-368. | ||
| 650 | 0 | _aEmotional problems of children. | |
| 650 | 0 | _aChild psychotherapy. | |
| 942 |
_2lcc _cBK _h499 _iRUT _kRJ |
||